000 00372nam a2200145Ia 4500
008 231129s2000||||xx |||||||||||||| ||spa||
020 _a84-8322-208-6
040 _bspa
082 _a658.8 K87d
100 _aKotler Philip
245 0 _aDirección de marketing
260 _c2000
264 _aPearson Educación
942 _2ddc
_cBKS
999 _c9616
_d9616